000 00571nam a22001817a 4500
003 OSt
005 20221013184443.0
008 221013b |||||||| |||| 00| 0 eng d
020 _a99924-835-0-4
040 _cBiblioteca Lado V
082 _a700.74
_bSZ997b
100 _9178
_aSzeemann, Harald
_edirector
110 _aFundación Ortiz-Gurdian
_eautor
_9176
245 _a48 Esposizione Internazionale d'Arte/
_bBiennale di Venezia/
260 _aVenezia
_bMarsilio Editor
_c1999
300 _a407p.
_c24x29cm
942 _2ddc
_c1
_h700.74
_iSZ997b
_n0
999 _c2310
_d2310